Upstream petroleum fiscal and valuation modeling in Excel : (Record no. 20689)
[ view plain ]
| 000 -LEADER | |
|---|---|
| fixed length control field | 01646cam a22003135a 4500 |
| 001 - CONTROL NUMBER | |
| control field | 17599712 |
| 005 - DATE AND TIME OF LATEST TRANSACTION | |
| control field | 20151013102541.0 |
| 006 - FIXED-LENGTH DATA ELEMENTS--ADDITIONAL MATERIAL CHARACTERISTICS--GENERAL INFORMATION | |
| fixed length control field | a||||f ||z 00| 0 |
| 008 - FIXED-LENGTH DATA ELEMENTS--GENERAL INFORMATION | |
| fixed length control field | 130123r20142013enkado fr 001 0 eng d |
| 020 ## - INTERNATIONAL STANDARD BOOK NUMBER | |
| International Standard Book Number | 9780470686829 (hbk.) |
| 020 ## - INTERNATIONAL STANDARD BOOK NUMBER | |
| Cancelled/invalid ISBN | 9781118537688 (ebk.) |
| 020 ## - INTERNATIONAL STANDARD BOOK NUMBER | |
| Cancelled/invalid ISBN | 9781118537695 (ebk.) |
| 020 ## - INTERNATIONAL STANDARD BOOK NUMBER | |
| Cancelled/invalid ISBN | 9781118537701 (ebk.) |
| 040 ## - CATALOGING SOURCE | |
| Original cataloging agency | DLC |
| Language of cataloging | eng |
| Transcribing agency | DLC |
| Modifying agency | EG-ScBUE |
| 082 04 - DEWEY DECIMAL CLASSIFICATION NUMBER | |
| Classification number | 665.50285554 |
| Item number | KAS |
| Edition number | 22 |
| 100 1# - MAIN ENTRY--PERSONAL NAME | |
| Personal name | Kasriel, Ken, |
| Dates associated with a name | 1965- |
| 9 (RLIN) | 38403 |
| 245 10 - TITLE STATEMENT | |
| Title | Upstream petroleum fiscal and valuation modeling in Excel : |
| Remainder of title | a worked examples approach / |
| Statement of responsibility, etc | Ken Kasriel, David Wood. |
| 260 ## - PUBLICATION, DISTRIBUTION, ETC. (IMPRINT) | |
| Place of publication, distribution, etc | West Sussex : |
| Name of publisher, distributor, etc | John Wiley & Sons Ltd., |
| Date of publication, distribution, etc | 2014. |
| 300 ## - PHYSICAL DESCRIPTION | |
| Extent | xv, 353 p. : |
| Other physical details | charts, photographs, tables ; |
| Dimensions | 26 cm. + |
| Accompanying material | 1 CD-Rom (4 3/4 in.) |
| 500 ## - GENERAL NOTE | |
| General note | Index : p. 345-353.<br/> |
| 500 ## - GENERAL NOTE | |
| General note | Reprinted of 2013 ed. |
| 505 0# - FORMATTED CONTENTS NOTE | |
| Formatted contents note | Introduction -- Introduction to tax and royalty regimes -- Tax consolidation and incremental value -- Royalties -- Bonuses -- Abandonment -- Introduction to production sharing contract-based fiscal regimes -- More realistic psc modeling -- Psc regime variations -- Appendices (available on disk) -- Appendix I: Depreciation -- Appendix II: Tax loss carrybacks -- Appendix III: Time-limited tax loss carryforwards -- Appendix IV: Knowing when to quit an alternative economic limit test method -- Appendix V: Intoduction to probability and crystal ball (on disk) -- Index. |
| 630 07 - SUBJECT ADDED ENTRY--UNIFORM TITLE | |
| Uniform title | Microsoft Excel (Computer file) |
| Source of heading or term | BUEsh |
| 9 (RLIN) | 4503 |
| 650 #0 - SUBJECT ADDED ENTRY--TOPICAL TERM | |
| Topical term or geographic name as entry element | Petroleum industry and trade |
| General subdivision | Valuation. |
| Source of heading or term | BUEsh |
| 651 ## - SUBJECT ADDED ENTRY--GEOGRAPHIC NAME | |
| Source of heading or term | BUEsh |
| 653 ## - INDEX TERM--UNCONTROLLED | |
| Resource For college | Engineering, Petroleum |
| Arrived date list | August2015 |
| 700 1# - ADDED ENTRY--PERSONAL NAME | |
| Personal name | Wood, David, |
| Dates associated with a name | 1963- |
| 942 ## - ADDED ENTRY ELEMENTS (KOHA) | |
| Source of classification or shelving scheme | Dewey Decimal Classification |
| Withdrawn status | Lost status | Source of classification or shelving scheme | Damaged status | Not for loan | Koha collection | Home library | Current library | Shelving location | Date acquired | Source of acquisition | Cost, normal purchase price | Serial Enumeration / chronology | Total Checkouts | Full call number | Barcode | Date last seen | Cost, replacement price | Koha item type |
|---|---|---|---|---|---|---|---|---|---|---|---|---|---|---|---|---|---|---|
| Dewey Decimal Classification | Baccah | Central Library | Central Library | First floor | 24/08/2015 | 931.00 | 23317 | 665.50285554 KAS | 000030720 | 15/07/2025 | 1164.00 | Book - Borrowing | ||||||
| Dewey Decimal Classification | Baccah | Central Library | Central Library | First floor | 24/08/2015 | 931.00 | 23317 | 665.50285554 KAS | 000030721 | 24/08/2022 | 1164.00 | CD | DVD - With book |